000 00821nam a22002177a 4500
999 _c9876
_d9876
003 AR-CdUCM
008 190328b ||||| |||| 00| 0 spa d
040 _aMUNICIPALIDAD PROVINCIAL DEL CUSCO
_cBIBLIOTECA MUNICIPAL DEL CUSCO
082 _a985.0191 /
_bC91 / 1938
245 _aLos cronistas de convento /
260 _aParís :
_bDesclée de Brouwer,
_c1938.
300 _a358 páginas ;
_c17 cm.
440 _aBiblioteca de Cultura Peruana. Primera serie.
_n4
_926387
505 _aContenido: Fray Antonio de la Calancha -- Fray Reginaldo de Lizárraga -- Fray Juan Meléndez -- Fray Diego de Códroba y Salinas -- Fray Bernardo de Torres ...
650 _aOrdenes religiosas
_920371
650 _aBiografía
_922
650 _aAmérica del Sur
_9742
650 _aPerú
_935
942 _2ddc
_cLIBROS
945 _aachl